English for economists

Guardado en:
Detalles Bibliográficos
Autor principal: Čapková, Halka
Formato: Libro
Lenguaje:inglés
checo
Publicado: Praha Ekopress 2002
Materias:
Etiquetas: Agregar Etiqueta
Sin Etiquetas, Sea el primero en etiquetar este registro!

MARC

LEADER 00000nam$a2200000$$$4500
001 0043236
005 20240104115222.9
020 |a 80-86119-52-1 
041 0 |a eng 
041 0 |a cze 
044 |a CZ 
245 1 0 |a English for economists  |c Halka Čapková a kolektiv 
264 1 |a Praha  |b Ekopress  |c 2002 
300 |a 570 s. 
610 2 0 |a terminológia 
610 2 0 |a ekonómia 
610 2 0 |a jazyky cudzie 
610 2 0 |a jazykoveda 
100 1 |a Čapková, Halka